Gaming Quiz

Random Gaming or Video Games Quiz

Gaming Silhouettes Quiz Stats

 Plays Quiz Updated Nov 23, 2015

Challenge
Share
Tweet
Score 0/24 Timer 06:00
4 Plays Today
R/C Character % Correct
4GPac-Man
97.8%
3ASonic The Hedgehog
95.1%
3DKirby
87.1%
2BCharmander
86.9%
4FSim
81.9%
3BSpyro The Dragon
80.4%
1FCrash Bandicoot
78.3%
4DSteve
77.2%
2AMaster Chief
75.5%
4BRayman
72.2%
1BMega Man
71%
1GSamus Aran
70.7%
R/C Character % Correct
2DLink
69.9%
2CRatchet & Clank
64.7%
4ARyu
63.8%
1EVault Boy
63.2%
2GYoshi
60.1%
1CCloud Strife
60.1%
3CMeat Boy
59.6%
3EBig Daddy
56.1%
2FSackboy
54.6%
2EGLaDOS
49.1%
3GSora
45.2%
1DBanjo-Kazooie
39.4%

You're not logged in!

Compare scores with friends on all Sporcle quizzes.
OR
Log In

You Might Also Like...

Show Comments

Extras

Top Quizzes Today


Score Distribution

Your Account Isn't Verified!

In order to create a playlist on Sporcle, you need to verify the email address you used during registration. Go to your Sporcle Settings to finish the process.

Report this User

Report this user for behavior that violates our Community Guidelines.

Details: